000 00845nmm a2200289 a 4500
003 AR-BaBNM
005 20251128205009.0
008 011101s1994 ||||||||||||||000 | spa||
020 _a950-9693-26-X
040 _cAR-BaBNM
100 1 _aQuiroga, Ana P. de
245 1 0 _aMatrices de aprendizaje
_bconstitución del sujeto en el proceso de conocimiento
250 _a3ª ed.
260 _aBuenos Aires
_bEdiciones Cinco
_c1994
300 _a95 p.
504 _aBibliografía al final de cada capítulo
600 1 4 _aPichon-riviEre, Enrique
600 1 4 _aMead, Margaret
600 1 4 _aReich, Wilhelm
650 4 _aPROCESO DE APRENDIZAJE
650 4 _aPROCESO DE INTERACCION
650 4 _aPROCESO COGNOSCITIVO
650 4 _aTEORIAS DE LA PERSONALIDAD
650 4 _aFAMILIA
650 4 _aORGANIZACION DE LA EDUCACION
942 _cBK
999 _c9629
_d9629